Statistics for Capitals of Countries Bordering Turkey

Click here to take the quiz!

General Stats

  • This quiz has been taken 153 times
  • The average score is 7 of 8

Answer Stats

CountryCapital% Correct
GreeceAthens
97%
BulgariaSofia
94%
IraqBaghdad
87%
AzerbaijanBaku
87%
SyriaDamascus
87%
IranTehran
85%
ArmeniaYerevan
80%
GeorgiaTbilisi
73%

Score Distribution

Percentile by Number Answered

Percent of People with Each Score

Your Score History

You have not taken this quiz